| 000 | 00479nam a2200181Ia 4500 | ||
|---|---|---|---|
| 008 | 230714s9999 xx 000 0 und d | ||
| 020 | _a9790000000000 | ||
| 041 | _aeng | ||
| 082 |
_a005.1 _bGRI |
||
| 100 |
_aGriffiths D. _9171221 |
||
| 245 | _aHead First Android Development | ||
| 250 | _a2nd ed. | ||
| 260 |
_c2018 _bSPD/O'Reilly |
||
| 300 | _a887 | ||
| 365 |
_cRs. _b1200.00 |
||
| 700 |
_aGriffiths D. _9171221 |
||
| 906 |
_dO:0596712-Jul-2018B:IN20305-Jul-2018 _cTC _b7650 |
||
| 999 |
_c223199 _d223199 |
||